Movies Quiz

Random Movies or Actor Quiz

Star Wars Episode VII Cast Photo Quiz Stats

 Plays Quiz not verified by Sporcle

Challenge
Share
Tweet
Score 0/16 Timer 05:00
0 Plays Today
% Correct
Carrie Fisher
92.8%
Adam Driver
92.8%
Harrison Ford
91.7%
Daisy Ridley
90.6%
John Boyega
90.1%
Oscar Isaac
88.4%
J.J. Abrams
87.8%
Peter Mayhew
77.9%
% Correct
Anthony Daniels
77.9%
Mark Hamill
71.3%
R2-D2
66.9%
Domhnall Gleeson
66.9%
Andy Serkis
66.3%
Lawrence Kasdan
65.2%
Kathleen Kennedy
63%
Bryan Burk
53%

You're not logged in!

Compare scores with friends on all Sporcle quizzes.
OR
Log In

You Might Also Like...

Show Comments

Extras

Top Quizzes Today


Score Distribution

Your Account Isn't Verified!

In order to create a playlist on Sporcle, you need to verify the email address you used during registration. Go to your Sporcle Settings to finish the process.

Report this User

Report this user for behavior that violates our Community Guidelines.

Details: